000 00514nam a2200193 a 4500
001 1768801201819
003 YourLibrary
005 20260119111119.0
008 260119s2005##################000#0#eng##
020 _a9781843102878
082 0 4 _a618.92852106
_bROS
100 1 _aRose, Richard,
_eauthor.
245 1 0 _aThe Child's Own Story :
260 _bJessica Kingsley Pub,
_c2005.
300 _a160 pages
650 0 _aFamily & Relationships.
942 _cENGLISH
040 _aYourLibrary
_beng
_cYourLibrary
999 _c608533
_d608533